[Event "ChessOrg-Schachfestival 2022-Senioren"]
[Site "Bad Woerishofen"]
[Date "2022.03.13"]
[Round "3.25"]
[White "Zwetz, Anita"]
[Black "Krueger, Detlef"]
[Result "1/2-1/2"]
[WhiteElo "1859"]
[BlackElo "1737"]
[PlyCount "100"]
[EventDate "2022.??.??"]
[WhiteTeam "TSV Kareth-Lappersdorf"]
[BlackTeam "TSG Rot-Weiß Fredersdorf/Vogelsdorf e.V."]

1. d4 Nf6 2. Bg5 e6 3. Nf3 Be7 4. e3 d5 5. Nbd2 a6 6. c3 Nbd7 7. Bd3 c5 8. Qe2
c4 9. Bc2 b5 10. e4 dxe4 11. Nxe4 Bb7 12. O-O Nxe4 13. Bxe4 Bxe4 14. Qxe4 O-O
15. Bxe7 Qxe7 16. Rfe1 Nf6 17. Qe5 Rad8 18. h3 Rd5 19. Qe3 Rf5 20. Qd2 Qb7 21.
Re5 Rxe5 22. Nxe5 Rd8 23. Re1 Qd5 24. Qe3 Qd6 25. Qf3 Rc8 26. Qb7 Rf8 27. Re3
Nd5 28. Rf3 Ne7 29. a3 h6 30. Qe4 f6 31. Ng6 Nxg6 32. Qxg6 f5 33. Rg3 Qe7 34.
Qxh6 Rf7 35. Qf4 Qb7 36. Rg6 Rf6 37. Rxf6 gxf6 38. Qd6 Kf7 39. f3 Qa7 40. Qc5
Qb8 41. Kf2 Qf4 42. d5 Qd2+ 43. Kg1 Qc1+ 44. Kh2 Qf4+ 45. Kh1 Qc1+ 46. Qg1 Qxb2
47. Qa7+ Kg6 48. dxe6 Qc1+ 49. Kh2 Qf4+ 50. Kh1 Qc1+ 1/2-1/2

[Event "ChessOrg-Schachfestival 2022-Senioren"]
[Site "Bad Woerishofen"]
[Date "2022.03.13"]
[Round "3.26"]
[White "Bertram, Thomas"]
[Black "Lechner, Otto"]
[Result "0-1"]
[WhiteElo "1709"]
[BlackElo "1845"]
[PlyCount "28"]
[EventDate "2022.??.??"]
[WhiteTeam "SF Bad Lausick"]
[BlackTeam "TSV Wertingen 1862 SAbt"]

1. e4 d5 2. exd5 Nf6 3. Nc3 Nxd5 4. Bc4 c6 5. Nf3 Bg4 6. O-O e6 7. Qe2 Be7 8.
a3 Bh5 9. Bxd5 cxd5 10. g4 Bg6 11. Ne5 a6 12. d3 Nc6 13. Nf3 h5 14. Nh4 Bxh4
0-1

[Event "ChessOrg-Schachfestival 2022-Senioren"]
[Site "Bad Woerishofen"]
[Date "2022.03.13"]
[Round "3.27"]
[White "Koenigl, Anton"]
[Black "Eibl, Guenter"]
[Result "1/2-1/2"]
[WhiteElo "1844"]
[BlackElo "1736"]
[PlyCount "58"]
[EventDate "2022.??.??"]
[WhiteTeam "FC Ergolding 1932 e.V."]
[BlackTeam "SF Muenchen"]

1. e4 Nf6 2. Nc3 d5 3. exd5 Nxd5 4. Nf3 Bg4 5. d3 e6 6. a3 Nc6 7. Be2 Be7 8.
Nxd5 exd5 9. c3 O-O 10. O-O Re8 11. Be3 Bf6 12. Re1 Qd7 13. Qd2 Rad8 14. d4 Qc8
15. b4 Ne7 16. Rac1 Ng6 17. Bg5 Bxg5 18. Qxg5 Qf5 19. Qxf5 Bxf5 20. Bf1 Kf8 21.
g3 Rxe1 22. Rxe1 Re8 23. Rc1 c6 24. c4 dxc4 25. Bxc4 Be6 26. Bd3 Bd5 27. Nd2 h6
28. Nf1 Ne7 29. Ne3 Bf3 1/2-1/2

[Event "ChessOrg-Schachfestival 2022-Senioren"]
[Site "Bad Woerishofen"]
[Date "2022.03.13"]
[Round "3.28"]
[White "Hansch, Klaus-Michael"]
[Black "Kumeth, Hartmut"]
[Result "1-0"]
[WhiteElo "1829"]
[BlackElo "1723"]
[PlyCount "41"]
[EventDate "2022.??.??"]
[WhiteTeam "SC Weisse Dame e.V."]
[BlackTeam "SK Union Oldenburg"]

1. e4 e5 2. d4 exd4 3. c3 d3 4. Bxd3 d6 5. Be3 Nf6 6. h3 a6 7. Nf3 Nc6 8. Nbd2
Be7 9. Qc2 h6 10. O-O b5 11. Bf4 g5 12. Bh2 g4 13. hxg4 Bxg4 14. e5 Nh5 15.
exd6 cxd6 16. Bf5 Rg8 17. Qe4 Bxf5 18. Qxf5 Nf6 19. Rfe1 Qd7 20. Qxf6 Qg4 21.
Bg3 1-0

[Event "ChessOrg-Schachfestival 2022-Senioren"]
[Site "Bad Woerishofen"]
[Date "2022.03.13"]
[Round "3.29"]
[White "Birkestrand, Odd"]
[Black "Hirstel, Serge"]
[Result "1/2-1/2"]
[WhiteElo "1702"]
[BlackElo "1828"]
[PlyCount "37"]
[EventDate "2022.??.??"]
[WhiteTeam "Masfjorden Sjakklubb"]

1. e4 e5 2. Nf3 Nf6 3. Nc3 Bb4 4. d3 O-O 5. Bd2 Re8 6. Be2 c6 7. a3 Ba5 8. O-O
d5 9. b4 Bc7 10. Bg5 d4 11. Nb1 h6 12. Bh4 a5 13. Nbd2 Be6 14. Bg3 axb4 15.
axb4 Rxa1 16. Qxa1 Nbd7 17. h3 Qb8 18. Rb1 b6 19. c3 1/2-1/2

[Event "ChessOrg-Schachfestival 2022-Senioren"]
[Site "Bad Woerishofen"]
[Date "2022.03.13"]
[Round "3.30"]
[White "Goris-Schouwstra, Adry"]
[Black "Rumsey, Victor"]
[Result "1/2-1/2"]
[WhiteElo "1677"]
[BlackElo "1811"]
[PlyCount "57"]
[EventDate "2022.??.??"]
[BlackTeam "Battersea"]

1. d4 Nf6 2. Nf3 d5 3. e3 e6 4. Be2 b6 5. O-O Bb7 6. a3 Be7 7. b4 O-O 8. Bb2
Nbd7 9. c4 c6 10. Nbd2 Re8 11. Rc1 a6 12. cxd5 exd5 13. Bd3 Bd6 14. h3 Rc8 15.
Qe2 Ra8 16. Rfe1 a5 17. b5 c5 18. dxc5 bxc5 19. Bc2 h6 20. Qd1 Rc8 21. a4 Qe7
22. Bf5 Rcd8 23. Nf1 g6 24. Bb1 Rc8 25. Bc3 Bc7 26. Qb3 Bb6 27. Qa2 Bc7 28. Qd2
Ra8 29. Qb2 1/2-1/2

[Event "ChessOrg-Schachfestival 2022-Senioren"]
[Site "Bad Woerishofen"]
[Date "2022.03.13"]
[Round "3.31"]
[White "Mitschka, Manfred"]
[Black "Laustsen, Karl-Johan"]
[Result "1/2-1/2"]
[WhiteElo "1614"]
[BlackElo "1790"]
[PlyCount "90"]
[EventDate "2022.??.??"]
[WhiteTeam "SK Neuburg"]
[BlackTeam "1.FC Marktleuthen"]

1. d4 Nf6 2. Nf3 e6 3. c4 b6 4. g3 Bb7 5. Bg2 Be7 6. O-O O-O 7. Nc3 Ne4 8. Nxe4
Bxe4 9. b3 f5 10. e3 d6 11. Bb2 Nd7 12. Re1 a5 13. a4 Bf6 14. Nd2 Bxg2 15. Kxg2
e5 16. dxe5 Nxe5 17. Qc2 g6 18. Rab1 Qd7 19. Kg1 Qc6 20. Bxe5 Bxe5 21. Qd3 Qd7
22. Nf3 Bf6 23. Qd5+ Kg7 24. Nd4 Rae8 25. Ne2 Re5 26. Qf3 Re4 27. Rbd1 Rfe8 28.
Rd3 Qf7 29. Red1 Kg8 30. Nf4 Bd8 31. Kg2 Kh8 32. h4 Kg8 33. Nd5 h5 34. Nc3 R4e5
35. Nd5 Qg7 36. Nf4 Re4 37. Rd5 Qf6 38. R5d3 Kg7 39. Rd5 R4e5 40. R5d3 Qf7 41.
Rd4 Re4 42. Rd5 R8e5 43. R5d3 Re8 44. Rd5 R8e5 45. R5d3 Re8 1/2-1/2

[Event "ChessOrg-Schachfestival 2022-Senioren"]
[Site "Bad Woerishofen"]
[Date "2022.03.13"]
[Round "3.32"]
[White "Meul, Willi"]
[Black "Schestak, Herbert"]
[Result "1/2-1/2"]
[WhiteElo "1789"]
[BlackElo "1713"]
[PlyCount "115"]
[EventDate "2022.??.??"]
[WhiteTeam "SV 1925 Huerth-Berrenrath"]

1. d4 d5 2. Bf4 Nf6 3. e3 e6 4. Nf3 c5 5. c3 Nc6 6. Bd3 Bd6 7. Bg3 cxd4 8. exd4
Qc7 9. Qe2 O-O 10. Nbd2 b6 11. Ne5 Bb7 12. Ndf3 Qe7 13. O-O Nd7 14. Rfe1 Rac8
15. Bh4 f6 16. Nxd7 Qxd7 17. Qxe6+ Qxe6 18. Rxe6 Rcd8 19. Bg3 Bxg3 20. hxg3 g6
21. Rae1 Nb8 22. Re7 Rd7 23. Bb5 Rxe7 24. Rxe7 Rf7 25. Re8+ Rf8 26. Nd2 a6 27.
Rxf8+ Kxf8 28. Be2 Ke7 29. f4 f5 30. Kf2 Nd7 31. g4 fxg4 32. Bxg4 Nf6 33. Bf3
h5 34. Nf1 a5 35. Ne3 Kd6 36. g4 hxg4 37. Nxg4 Nd7 38. Kg3 Ke6 39. Ne5 Nf8 40.
Be2 Kf6 41. Bd3 Bc8 42. c4 Be6 43. c5 bxc5 44. dxc5 g5 45. Ba6 gxf4+ 46. Kxf4
Bf5 47. Ng4+ Bxg4 48. Kxg4 Ne6 49. c6 Ke5 50. Bc8 Nc7 51. Kf3 d4 52. Ke2 Kd6
53. Bd7 Kc5 54. Kd3 Nb5 55. a3 Nc7 56. b4+ axb4 57. axb4+ Kd5 58. Bf5 1/2-1/2

[Event "ChessOrg-Schachfestival 2022-Senioren"]
[Site "Bad Woerishofen"]
[Date "2022.03.13"]
[Round "3.33"]
[White "Wraga, Teresa"]
[Black "Di Lazzaro, Gabriele"]
[Result "0-1"]
[WhiteElo "1553"]
[BlackElo "1768"]
[PlyCount "42"]
[EventDate "2022.??.??"]
[WhiteTeam "SG Osnabrueck"]
[BlackTeam "Richter - Bolzano"]

1. e4 d5 2. Nc3 d4 3. Nce2 Nc6 4. d3 e5 5. g3 Nf6 6. Bg2 Be6 7. Nf3 h6 8. O-O
Qd7 9. Nd2 Bh3 10. a4 h5 11. Nc4 h4 12. Bg5 hxg3 13. fxg3 Bxg2 14. Kxg2 Qh3+
15. Kf2 Ng4+ 16. Ke1 Nxh2 17. Rf2 Qg4 18. Nd2 Nf3+ 19. Kf1 Rh1+ 20. Ng1 Rxg1+
21. Ke2 Nh2+ 0-1

[Event "ChessOrg-Schachfestival 2022-Senioren"]
[Site "Bad Woerishofen"]
[Date "2022.03.13"]
[Round "3.34"]
[White "Loibl, Johann"]
[Black "Antoniacci, Riccardo"]
[Result "1-0"]
[WhiteElo "1762"]
[BlackElo "1706"]
[PlyCount "75"]
[EventDate "2022.??.??"]

1. e4 e5 2. Nf3 Nc6 3. Bc4 Nf6 4. Ng5 d5 5. exd5 Na5 6. d3 h6 7. Nf3 e4 8. Qe2
Qe7 9. Nd4 Bg4 10. f3 exf3 11. Qxe7+ Bxe7 12. gxf3 Bd7 13. Bd2 Nxc4 14. dxc4
Bd6 15. Nc3 a6 16. O-O-O O-O-O 17. a3 Rde8 18. b4 Be5 19. Nb3 Bh3 20. f4 Bd6
21. c5 Bf8 22. Rde1 Rd8 23. Na5 Bg2 24. Rhg1 Bxd5 25. Nxd5 Nxd5 26. c4 Ne7 27.
Bc3 Nf5 28. Re5 Nh4 29. Rd1 Rxd1+ 30. Kxd1 Ng6 31. Re8+ Kd7 32. Rb8 Nxf4 33.
Rxb7 Ne6 34. Rb8 Rg8 35. Ra8 g5 36. Rxa6 g4 37. Bf6 Rg6 38. c6+ 1-0

[Event "ChessOrg-Schachfestival 2022-Senioren"]
[Site "Bad Woerishofen"]
[Date "2022.03.13"]
[Round "3.35"]
[White "Vaclahovsky, Gerhard"]
[Black "Kievelitz, Bernd"]
[Result "0-1"]
[WhiteElo "1592"]
[BlackElo "1745"]
[PlyCount "104"]
[EventDate "2022.??.??"]
[WhiteTeam "SK Keres-Augsburg 1980"]
[BlackTeam "SC Zitadelle Spandau 1977 e.V."]

1. c4 b6 2. Nf3 Bb7 3. d4 e6 4. Nc3 Nf6 5. e3 Bb4 6. Bd3 O-O 7. O-O Bxc3 8.
bxc3 d6 9. Re1 Nbd7 10. e4 e5 11. Bg5 h6 12. Bh4 Re8 13. Qc2 Nf8 14. Rab1 Ng6
15. Bg3 Nh5 16. c5 Nxg3 17. fxg3 dxc5 18. dxc5 Qe7 19. cxb6 cxb6 20. Qb3 Qc5+
21. Kh1 Rac8 22. Rbc1 Re7 23. Qb4 Rec7 24. Qb2 Qa5 25. c4 Ba6 26. Rc3 Qc5 27.
Rec1 Rd8 28. Qe2 Rcd7 29. h3 Ne7 30. Bc2 Nc6 31. Ba4 Nd4 32. Qe3 Rd6 33. Kh2
Bb7 34. g4 Nxf3+ 35. gxf3 Rd2+ 36. Kg3 Qxe3 37. Rxe3 Rxa2 38. Rd1 Rdd2 39. Rxd2
Rxd2 40. Rc3 Rd4 41. Bb3 Bc6 42. Kf2 Kf8 43. Ke3 g5 44. Rc1 Ke7 45. Ra1 a5 46.
Rd1 Rxd1 47. Bxd1 Kd6 48. Kd3 Kc5 49. Bb3 f6 50. Kc3 b5 51. cxb5 Bxb5 52. Bd1
Bf1 0-1

[Event "ChessOrg-Schachfestival 2022-Senioren"]
[Site "Bad Woerishofen"]
[Date "2022.03.13"]
[Round "3.37"]
[White "Klimpel, Siegfried"]
[Black "Budde, Reinhard"]
[Result "1-0"]
[WhiteElo "1754"]
[BlackElo "1630"]
[PlyCount "43"]
[EventDate "2022.??.??"]
[WhiteTeam "TSV Kareth-Lappersdorf"]
[BlackTeam "SG Enger-Spenge"]

1. e4 e5 2. Nf3 Nc6 3. d4 exd4 4. Nxd4 Ne5 5. f4 Ng6 6. Bc4 d6 7. Nc3 Nf6 8.
Be3 Ng4 9. Bd2 a6 10. Qe2 c6 11. O-O-O b5 12. Nxc6 Qb6 13. Bd5 Bd7 14. h3 Bxc6
15. hxg4 b4 16. Na4 Qc7 17. Be3 Rb8 18. Qc4 Ne7 19. Bxf7+ Kd8 20. Nc5 Bd7 21.
Ne6+ Bxe6 22. Qxe6 1-0

[Event "ChessOrg-Schachfestival 2022-Senioren"]
[Site "Bad Woerishofen"]
[Date "2022.03.13"]
[Round "3.38"]
[White "Richter, Stefan"]
[Black "Titz, Waldemar"]
[Result "1/2-1/2"]
[WhiteElo "1612"]
[BlackElo "1742"]
[PlyCount "52"]
[EventDate "2022.??.??"]
[WhiteTeam "Elstertal-langenberg"]
[BlackTeam "SV Rottweil"]

1. d4 Nf6 2. c4 e5 3. d5 Bc5 4. e3 d6 5. Be2 O-O 6. Bd2 c6 7. Nc3 Bf5 8. h3 a5
9. a3 Nbd7 10. Nf3 h6 11. O-O Nb6 12. dxc6 bxc6 13. Na4 Nbd7 14. Nh2 Be6 15. b3
Ne4 16. Bf3 d5 17. Bxe4 dxe4 18. Bc3 f6 19. Qe2 Qc7 20. Kh1 Be7 21. f3 f5 22.
fxe4 fxe4 23. Rxf8+ Rxf8 24. Ng4 Bh4 25. Be1 Be7 26. Bc3 Bh4 1/2-1/2

[Event "ChessOrg-Schachfestival 2022-Senioren"]
[Site "Bad Woerishofen"]
[Date "2022.03.13"]
[Round "3.39"]
[White "Schnell, Franz"]
[Black "Lie, Terje"]
[Result "1/2-1/2"]
[WhiteElo "1737"]
[BlackElo "1441"]
[PlyCount "118"]
[EventDate "2022.??.??"]
[WhiteTeam "SC Nusplingen"]
[BlackTeam "Bergens SK"]

1. d4 Nf6 2. Bf4 d5 3. e3 e6 4. Nf3 Be7 5. h3 c5 6. c3 Nc6 7. Nbd2 O-O 8. Be2
b6 9. Bb5 Bb7 10. Qa4 Na5 11. O-O a6 12. Be2 b5 13. Qd1 c4 14. b3 Rc8 15. b4
Nc6 16. a4 Ra8 17. a5 h6 18. Qc2 Bd6 19. Ne5 Qc7 20. Ndf3 Nd7 21. Nxd7 Qxd7 22.
Bxd6 Qxd6 23. e4 dxe4 24. Qxe4 Nd8 25. Qe3 Qd5 26. Rfe1 Qe4 27. Qd2 Qg6 28. Kh2
Bd5 29. Rg1 Qf6 30. Raf1 Nc6 31. Qe3 Rad8 32. Ne5 Nxe5 33. dxe5 Qf5 34. f3 Qg5
35. f4 Qf5 36. Rd1 Qe4 37. Qxe4 Bxe4 38. Rd6 Rxd6 39. exd6 Rd8 40. Rd1 Rd7 41.
Rd4 Bd5 42. f5 Rxd6 43. fxe6 fxe6 44. Bf3 Kf7 45. Kg3 Ke7 46. Kf4 Bxf3 47. Rxd6
Kxd6 48. Kxf3 Ke5 49. Ke3 g6 50. g3 g5 51. g4 Kd5 52. Kf3 e5 53. Ke3 e4 54. Ke2
Ke6 55. Kf2 Kf6 56. Ke2 Ke6 57. Kf2 Ke5 58. Ke3 Kd5 59. Ke2 Ke5 1/2-1/2

[Event "ChessOrg-Schachfestival 2022-Senioren"]
[Site "Bad Woerishofen"]
[Date "2022.03.13"]
[Round "3.40"]
[White "Wacker, Manfred"]
[Black "Bertram, Marina"]
[Result "1-0"]
[WhiteElo "1705"]
[BlackElo "1304"]
[PlyCount "51"]
[EventDate "2022.??.??"]
[WhiteTeam "SC Lambsheim"]
[BlackTeam "SF Bad Lausick"]

1. d4 d5 2. c4 e6 3. Nc3 Nf6 4. Nf3 dxc4 5. e3 Nc6 6. Bxc4 Bb4 7. O-O O-O 8. a3
Be7 9. Bd2 Nd5 10. Rc1 Nxc3 11. Bxc3 Bf6 12. Qc2 Re8 13. Bd3 g6 14. Be4 e5 15.
Bxc6 bxc6 16. dxe5 Bg7 17. Rfd1 Qe7 18. Bb4 Qe6 19. Qxc6 Qxc6 20. Rxc6 Bxe5 21.
Nxe5 Rxe5 22. Rd8+ Kg7 23. Bc3 f6 24. Rxc7+ Kh6 25. Bxe5 fxe5 26. Rcxc8 1-0

[Event "ChessOrg-Schachfestival 2022-Senioren"]
[Site "Bad Woerishofen"]
[Date "2022.03.13"]
[Round "3.41"]
[White "Walther, Renate"]
[Black "Kelemen, Norbert"]
[Result "0-1"]
[WhiteElo "1180"]
[BlackElo "1647"]
[PlyCount "82"]
[EventDate "2022.??.??"]
[WhiteTeam "SK 1911 Herzogenaurach"]
[BlackTeam "SC Weiße Dame Ulm e.V."]

1. e4 c5 2. Nf3 Nc6 3. d4 cxd4 4. Nxd4 g6 5. Nc3 Bg7 6. Be3 Nf6 7. Be2 a6 8.
O-O O-O 9. Qd2 Qc7 10. h3 b5 11. a3 Bb7 12. Bf3 Rfd8 13. Nd5 Nxd5 14. exd5 Ne5
15. Be4 Nc4 16. Qc3 Rac8 17. f4 Nxe3 18. Qxe3 Qc5 19. c3 Bxd5 20. Bf3 Bxf3 21.
Rxf3 e6 22. Ne2 d5 23. Kh2 Qd6 24. g3 h5 25. h4 Re8 26. Qf2 Qc5 27. Kg2 Qxf2+
28. Kxf2 a5 29. b4 a4 30. Rd1 Rc4 31. Nd4 Bxd4+ 32. Rxd4 Rxd4 33. cxd4 Rc8 34.
Ke2 Kg7 35. Rd3 Kf6 36. Kd2 Kf5 37. Re3 Rc4 38. Rd3 Ke4 39. Ke2 Rc2+ 40. Rd2
Rxd2+ 41. Kxd2 Kxd4 0-1

[Event "ChessOrg-Schachfestival 2022-Senioren"]
[Site "Bad Woerishofen"]
[Date "2022.03.13"]
[Round "3.42"]
[White "Koch, Dieter"]
[Black "Krueger, Antje-Christine"]
[Result "1-0"]
[WhiteElo "1629"]
[BlackElo "1560"]
[PlyCount "71"]
[EventDate "2022.??.??"]
[WhiteTeam "SC Ammersee"]
[BlackTeam "TSG Fredersdorf-Vogelsdorf"]

1. d4 Nf6 2. e3 g6 3. Be2 Bg7 4. Nc3 O-O 5. e4 d6 6. g4 Nc6 7. g5 Ne8 8. Be3
Bd7 9. h4 e5 10. d5 Nd4 11. Nf3 Nxe2 12. Qxe2 Bg4 13. O-O-O a6 14. h5 Bxh5 15.
Rxh5 gxh5 16. Nh4 f6 17. Qxh5 fxg5 18. Nf5 Rf7 19. Rg1 Kh8 20. Qxf7 Qf6 21.
Qxf6 Bxf6 22. Bxg5 Bxg5+ 23. Rxg5 Nf6 24. Rg7 Rc8 25. Rf7 Nh5 26. Ne7 Rb8 27.
Ne2 Re8 28. Nf5 Rc8 29. Kd2 c6 30. dxc6 bxc6 31. Ke3 d5 32. exd5 cxd5 33. Ra7
Rf8 34. Neg3 Nxg3 35. Nxg3 Rf6 36. Ra8+ 1-0

[Event "ChessOrg-Schachfestival 2022-Senioren"]
[Site "Bad Woerishofen"]
[Date "2022.03.13"]
[Round "3.43"]
[White "Stratmann, Alois"]
[Black "Fischer, Johann"]
[Result "1-0"]
[WhiteElo "1547"]
[BlackElo "1625"]
[PlyCount "137"]
[EventDate "2022.??.??"]
[WhiteTeam "SV Ahlen 54 e.V."]
[BlackTeam "SK Krumbach"]

1. Nf3 d5 2. b3 Nf6 3. Bb2 e6 4. e3 Bd6 5. Be2 Nbd7 6. d4 c5 7. O-O O-O 8. Nbd2
Qc7 9. dxc5 Bxc5 10. c4 dxc4 11. Nxc4 Rd8 12. Qc2 Be7 13. Rac1 Nb6 14. Be5 Qc6
15. Nxb6 Qxc2 16. Rxc2 axb6 17. Bc7 Rd5 18. Bxb6 Nd7 19. Bd4 e5 20. Bc4 Rda5
21. Bc3 Rxa2 22. Rxa2 Rxa2 23. Nxe5 Nxe5 24. Bxe5 Be6 25. Bxe6 fxe6 26. Ra1 Rc2
27. g3 Rc5 28. f4 g5 29. h3 Rb5 30. Rb1 h6 31. Kf2 Kf7 32. Kf3 Bf6 33. Bxf6
Kxf6 34. b4 Kf5 35. e4+ Kg6 36. Rb2 Kh5 37. Rb1 Kg6 38. Rb2 Rb6 39. b5 Rd6 40.
Rb3 Rd1 41. b6 Rf1+ 42. Kg2 Re1 43. Kf3 Rc1 44. fxg5 hxg5 45. Rb4 Rc5 46. h4
gxh4 47. gxh4 Kh5 48. Kg3 Rc3+ 49. Kf4 Kxh4 50. Ke5 Rc6 51. Kf6 Kg3 52. e5 Kf3
53. Ke7 Ke3 54. Kf6 Kd3 55. Rb1 Kd4 56. Rd1+ Kc5 57. Rc1+ Kxb6 58. Rxc6+ bxc6
59. Kxe6 c5 60. Kf7 c4 61. e6 c3 62. e7 Kc5 63. e8=Q Kb4 64. Qe1 Kb3 65. Qc1 c2
66. Ke6 Kc3 67. Kd5 Kd3 68. Ke5 Kc3 69. Ke4 1-0

[Event "ChessOrg-Schachfestival 2022-Senioren"]
[Site "Bad Woerishofen"]
[Date "2022.03.13"]
[Round "3.44"]
[White "Hoferichter, Michael"]
[Black "Gaul, Karl-Heinz"]
[Result "1/2-1/2"]
[WhiteElo "1624"]
[BlackElo "1511"]
[PlyCount "89"]
[EventDate "2022.??.??"]
[WhiteTeam "Bergische SF 1923 Bergisch Gladbach e.V."]
[BlackTeam "SC Schwarz-Weiß Lichtenrade e.V."]

1. c4 c5 2. Nc3 b6 3. Nf3 Bb7 4. e3 Nc6 5. Be2 e5 6. O-O Nf6 7. d3 Rc8 8. a3
Bd6 9. e4 h6 10. Nb5 Bb8 11. h3 Qe7 12. Nh4 Nxe4 13. Nf5 Qf6 14. dxe4 g6 15.
Nbd6+ Kf8 16. Bxh6+ Rxh6 17. Nxh6 Bxd6 18. Ng4 Qe6 19. Qd2 Nd4 20. Qh6+ Ke8 21.
Bd1 Kd8 22. Rc1 f5 23. exf5 Nxf5 24. Qd2 Nh4 25. Ne3 Be7 26. Bg4 Nf5 27. Nd5
Bf8 28. Qg5+ Be7 29. Nxe7 Qxe7 30. Qxe7+ Kxe7 31. Bxf5 gxf5 32. Rcd1 Rg8 33. f3
a5 34. Rd2 Rg6 35. Kh2 a4 36. Rfd1 d6 37. Rc1 Kd7 38. Rc3 Ba6 39. Rcc2 b5 40.
cxb5 Bxb5 41. b3 Kc6 42. bxa4 Bxa4 43. Rb2 Rg7 44. Rb1 d5 45. g4 1/2-1/2

[Event "ChessOrg-Schachfestival 2022-Senioren"]
[Site "Bad Woerishofen"]
[Date "2022.03.13"]
[Round "3.45"]
[White "Prenzel, Thomas"]
[Black "Schlemminger, Degenhard"]
[Result "1-0"]
[WhiteElo "1523"]
[BlackElo "1623"]
[PlyCount "127"]
[EventDate "2022.??.??"]
[WhiteTeam "Klub Koelner SF e.V. 1967"]
[BlackTeam "SV Reutlingen"]

1. e4 e6 2. d4 d5 3. e5 c5 4. c3 Nc6 5. Bb5 Qb6 6. Bxc6+ Qxc6 7. Ne2 b6 8. O-O
Ba6 9. Re1 Ne7 10. Ng3 Rc8 11. Be3 Qb5 12. b3 Qd3 13. Qxd3 Bxd3 14. Nd2 Nf5 15.
Nxf5 Bxf5 16. Rec1 Be7 17. Nf3 h6 18. b4 cxb4 19. cxb4 Kd7 20. a3 Rc6 21. b5
Rxc1+ 22. Bxc1 Rc8 23. a4 Bc2 24. a5 Bd8 25. axb6 Bxb6 26. Bd2 Bd3 27. h3 Bxb5
28. Bb4 Be2 29. Ra3 Rc1+ 30. Kh2 Rc4 31. Bf8 g6 32. Bxh6 Bxf3 33. Rxf3 Ke8 34.
Rb3 Kd7 35. Rf3 Ke8 36. Rb3 Ke7 37. Bg5+ Ke8 38. Z0 Rc2 39. Be3 Kd7 40. f4 Kc6
41. h4 a5 42. Ra3 Bd8 43. Rb3 a4 44. Ra3 Kb5 45. Kh3 Kb4 46. Ra1 Kb3 47. Bc1
Ba5 48. Ra3+ Kb4 49. Ra1 Rxc1 50. Rxc1 a3 51. g4 a2 52. h5 gxh5 53. gxh5 Kb3
54. h6 Bd2 55. Rd1 Kc2 56. Ra1 Kb2 57. Rxa2+ Kxa2 58. Kg4 Kb3 59. h7 Kc4 60.
h8=Q Kxd4 61. Qf6 Ke4 62. Qxf7 d4 63. Qb7+ Ke3 64. Qf3# 1-0

[Event "ChessOrg-Schachfestival 2022-Senioren"]
[Site "Bad Woerishofen"]
[Date "2022.03.13"]
[Round "3.46"]
[White "Wolkenstein, Eckhardt"]
[Black "Margraf, Dieter"]
[Result "1/2-1/2"]
[WhiteElo "1607"]
[BlackElo "1474"]
[PlyCount "71"]
[EventDate "2022.??.??"]
[WhiteTeam "ESV"]
[BlackTeam "SC Sulzbach-Rosenberg"]

1. d4 d5 2. c4 Nf6 3. Nc3 c6 4. cxd5 cxd5 5. Bf4 a6 6. h3 e6 7. a3 Bd6 8. Bxd6
Qxd6 9. Nf3 b5 10. b4 Nbd7 11. e3 O-O 12. Bd3 Nb6 13. O-O Bd7 14. Ne5 Nc4 15.
Nxd7 Qxd7 16. Qe2 Rfe8 17. Rfc1 Ra7 18. a4 Rc7 19. axb5 axb5 20. Qe1 g6 21. e4
dxe4 22. Nxe4 Nxe4 23. Qxe4 Rd8 24. Ra8 Rxa8 25. Qxa8+ Rc8 26. Qe4 Kg7 27. Bxc4
Rxc4 28. Rxc4 bxc4 29. Qe5+ f6 30. Qc5 Qd5 31. Qe7+ Kg8 32. Qxf6 c3 33. Qf4 Qc4
34. Qb8+ Kf7 35. Qb7+ Kg8 36. Qb8+ 1/2-1/2

[Event "ChessOrg-Schachfestival 2022-Senioren"]
[Site "Bad Woerishofen"]
[Date "2022.03.13"]
[Round "3.47"]
[White "Braeu, Emmi"]
[Black "Farel, Edgard"]
[Result "0-1"]
[WhiteElo "1476"]
[BlackElo "1603"]
[PlyCount "64"]
[EventDate "2022.??.??"]
[WhiteTeam "SK Marktoberdorf"]
[BlackTeam "SG Enger-Spenge"]

1. Nf3 g6 2. c4 Bg7 3. d4 Nf6 4. Nc3 d6 5. e4 Nbd7 6. Be2 e5 7. dxe5 dxe5 8.
O-O O-O 9. Qc2 c6 10. Rd1 Qc7 11. b4 a6 12. Bb2 Re8 13. Rd3 Bf8 14. c5 b6 15.
cxb6 Nxb6 16. a3 Nc4 17. Bc1 Nd6 18. Nd2 Bb7 19. Bf3 a5 20. bxa5 Qxa5 21. Qb3
Ba6 22. Re3 Bh6 23. Re1 Reb8 24. Qa4 Qxc3 25. Qd1 Qxa1 26. Nb3 Rxb3 27. Bxh6
Qxd1 28. Rxd1 Nfxe4 29. Bxe4 Nxe4 30. Be3 Rd3 31. Rb1 Rad8 32. g3 Rd1+ 0-1

[Event "ChessOrg-Schachfestival 2022-Senioren"]
[Site "Bad Woerishofen"]
[Date "2022.03.13"]
[Round "3.48"]
[White "De Polzer, Manfredi"]
[Black "Kuenne, Lutz Dieter"]
[Result "1-0"]
[WhiteElo "1452"]
[BlackElo "1570"]
[PlyCount "93"]
[EventDate "2022.??.??"]
[BlackTeam "KingsClub Jena"]

1. e4 c5 2. Nf3 d6 3. c3 Nf6 4. Be2 Nxe4 5. Qa4+ Nc6 6. Qxe4 e6 7. d4 d5 8. Qc2
c4 9. O-O Be7 10. Bf4 O-O 11. Ne5 Nxe5 12. Bxe5 Bd6 13. Bxd6 Qxd6 14. Nd2 b5
15. a3 a5 16. Bg4 Bd7 17. Nf3 h6 18. Rfe1 Be8 19. Ne5 f5 20. Bf3 Rf6 21. Qd2
Kh7 22. Qd1 Bg6 23. Bh5 Be8 24. Bxe8 Rxe8 25. Re3 Rg8 26. Rh3 Qc7 27. f4 g6 28.
Qe2 a4 29. Rf1 g5 30. fxg5 Rxg5 31. Rff3 Qg7 32. Rhg3 Kg8 33. Rxg5 hxg5 34. g4
f4 35. Rh3 Rh6 36. Rh5 Rxh5 37. gxh5 Qf6 38. Qg4 Qf5 39. Qxf5 exf5 40. Kf2 g4
41. Ng6 Kg7 42. Nxf4 Kh6 43. Kg3 Kg5 44. Nxd5 Kxh5 45. Nf4+ Kg5 46. d5 Kf6 47.
Kh4 1-0

[Event "ChessOrg-Schachfestival 2022-Senioren"]
[Site "Bad Woerishofen"]
[Date "2022.03.14"]
[Round "4.1"]
[White "Babar, Michael"]
[Black "Mueller, Erich"]
[Result "1/2-1/2"]
[WhiteElo "2151"]
[BlackElo "2138"]
[PlyCount "23"]
[EventDate "2022.??.??"]
[WhiteTeam "SC Hansa Dortmund e.V."]
[BlackTeam "SK 1962 Ladenburg"]

1. e4 c5 2. b3 Nc6 3. Bb2 d6 4. Nf3 Nf6 5. d3 e6 6. g3 Be7 7. Bg2 O-O 8. O-O
Qc7 9. Qe2 Nd7 10. Nbd2 Bf6 11. Bxf6 Nxf6 12. c3 1/2-1/2

[Event "ChessOrg-Schachfestival 2022-Senioren"]
[Site "Bad Woerishofen"]
[Date "2022.03.14"]
[Round "4.2"]
[White "Rubke, Manfred"]
[Black "Pruefer, Friedbert"]
[Result "1/2-1/2"]
[WhiteElo "2095"]
[BlackElo "2227"]
[PlyCount "54"]
[EventDate "2022.??.??"]
[WhiteTeam "TSV Haunstetten"]
[BlackTeam "TSG 1861 Taucha"]

1. c4 Nf6 2. g3 c6 3. Nf3 d5 4. b3 dxc4 5. bxc4 e5 6. Nc3 Bd6 7. Bg2 O-O 8. O-O
Re8 9. d3 Na6 10. Ng5 Nc5 11. Nge4 Nfxe4 12. Nxe4 Nxe4 13. Bxe4 Bh3 14. Bg2
Bxg2 15. Kxg2 Bc5 16. Bb2 Qd7 17. Qc2 Rad8 18. Rad1 Re6 19. Bc1 Rd6 20. Bg5 f6
21. Be3 Bxe3 22. fxe3 c5 23. e4 Ra6 24. Ra1 Qa4 25. Qc1 Qd7 26. Qe3 b6 27. a3
Qd4 1/2-1/2

[Event "ChessOrg-Schachfestival 2022-Senioren"]
[Site "Bad Woerishofen"]
[Date "2022.03.14"]
[Round "4.3"]
[White "Kierzek, Matthias"]
[Black "Kainz, Josef"]
[Result "1-0"]
[WhiteElo "2209"]
[BlackElo "1992"]
[PlyCount "79"]
[EventDate "2022.??.??"]
[WhiteTeam "SC Fulda"]
[BlackTeam "Gratwein"]

1. d4 Nf6 2. c4 g6 3. Nc3 d5 4. cxd5 Nxd5 5. Bd2 Bg7 6. e4 Nxc3 7. Bxc3 O-O 8.
Bc4 c5 9. d5 e6 10. Ne2 exd5 11. Bxd5 Na6 12. O-O Nc7 13. Nf4 Qg5 14. Qf3 Nb5
15. Bxg7 Kxg7 16. Qe3 Nd4 17. Kh1 Kg8 18. Rac1 Ne6 19. g3 Rb8 20. Bxe6 Bxe6 21.
Rxc5 Qf6 22. b3 Qb2 23. Nxe6 fxe6 24. Rc7 Qe5 25. Rfc1 Rf7 26. Rxf7 Kxf7 27.
Qf4+ Qxf4 28. gxf4 Kf6 29. Rc7 e5 30. fxe5+ Kxe5 31. f3 h5 32. Kg2 a6 33. Kf2
a5 34. Ke3 a4 35. f4+ Ke6 36. bxa4 Ra8 37. Rc4 Ra5 38. Rb4 g5 39. f5+ Kf6 40.
Rb6+ 1-0